00636 a2200205 4500020001500000020001800015082001200033090001500045100001800060245005100078250001200129260003100141300002100172490003500193700001800228830003500246942002600281999001700307952010600324 a0387493182 a9780387493183 a515.353 c1000d10001 aJost, Jurgen.10aPartial differential equations /cJurgen Jost. a2nd ed. a[S.l.] :bSpringer,c2007. a370 p. ;c24 cm.1 aGraduate texts in mathematics. aJost, Jurgen. 0aGraduate texts in mathematics. aSNScBKk515.353 JOS c29619d29619 00104070aSNSbSNSd2016-05-26l1o515.353 JOSpSNS0001182r2024-05-17s2024-02-13w2016-05-26yBK